000 00374nam a2200145Ia 4500
008 240624s9999 xx 000 0 und d
041 _aeng
082 _a658.4058 WIL
100 _aWILLCOCKS LESLIE P
245 _aOUTSOURCING INFORMATION SYSTEMS
260 _c2009
_aLondon
_bSage International
300 _axxx, : 349 : p. : cm. ; 24
365 _cGBP
_b38
440 _v3
999 _c23263
_d23263